01228nam a2200349 i 450000100060000000300080000600500170001400600190003100700150005000800410006502000180010602000280012403500220015204000310017405000220020508000110022708200160023810000340025424500600028826400490034830000410039733600290043833700330046733800430050050400290054358800830057265000390065565000490069465100450074365500270078885600630081545368FINmELB20241216231707.0m o u cr cn|||||||||240922s2020 ag ob 000 0 spa d z9789500530606 a9789500530606q(e-book) a(OCoLC)1456879029 aFINmELBbspaerdacFINmELB14aJL2081bJ414 2020 a32(82)04a320.9822231 aJauretche, Arturo M.,eautor.14aLos profetas del odio y la yapa /cArturo M. Jauretche. 1aBuenos Aires :bEdiciones Corregidor,c2020. a1 recurso en línea (289 páginas) atextobtxt2rdamedia/spa acomputadorabc2rdamedia/spa arecurso en líneabcr2rdacarrier/spa aContiene bibliografía. aDescripción basada en metadatos suministrados por el editor y otras fuentes. 4aTácticas políticaszArgentina. 4aIntelectualesxCrítica e interpretación. 4aArgentinaxPolítica y gobiernoy1943-. 4aLibros electrónicos.40uhttps://elibro.net/ereader/politecnicointernacional/272270